Geelong Players Mel can remember right now - Statistics

General Stats
  • This quiz has been taken 2 times
  • The average score is 13 of 59
Answer Stats
Answer % Correct
Cam Guthrie
100%
Jeremy Cameron
100%
Patrick Dangerfield
100%
Rhys Stanley
100%
Tom Hawkins
100%
Zach Guthrie
100%
Cameron Mooney
50%
Gary Ablett Jnr
50%
Gary Ablett Snr
50%
Gryan Miers
50%
Jack Bowes
50%
Jimmy Bartel
50%
Joel Selwood
50%
Mitch Duncan
50%
Oliver Henry
50%
Shannon Neale
50%
Tanner Bruhn
50%
Tom Atkins
50%
Tyson Stengle
50%
Zach Touhy
50%
Allen Christensen
0%
Andrew Mackie
0%
Billie Smedts
0%
Brad Close
0%
Brad Ottens
0%
Brandon Parfitt
0%
Cameron Ling
0%
Charlie Constable
0%
Corey Enright
0%
Darren Milburn
0%
David Wojcinski
0%
George Horlin-Smith
0%
Jake Kolidjashni
0%
James Kelly
0%
James Podsiadly
0%
Jed Bews
0%
Joel Corey
0%
Josh Caddy
0%
Lachie Henderson
0%
Mark Blake
0%
Mark O'Connor
0%
Matthew Scarlett
0%
Matthew Stokes
0%
Max Rooke
0%
Nakia Cockatoo
0%
Nathan Ablett
0%
Oliver Dempsey
0%
Paul Chapman
0%
Peter Riccardi
0%
Polly Farmer
0%
Sam Menegola
0%
Sam Simpson
0%
Shannon Byrnes
0%
Steve Johnson
0%
Steven King
0%
Steven Notlop
0%
Tom Harley
0%
Tom Lonergan
0%
Tom Stewart
0%
No matching quizzes found
Score Distribution
Percent of People with Each Score
Percentile by Number Answered
Your Score History
You have not taken this quiz